000 01215nam a22002177a 4500
999 _c63929
_d63929
003 Ge_BSU
005 20260224121601.0
008 260224s1973 ge ||||| |||| 00| 0 geo d
041 _ageo
080 _a323.14: 908(6): 94(6) ლ-28
100 _aლაურინჩიუკასი, ალბერტას
_926955
245 _aშავი სისხლი :
_b[აფრიკის წარსული, აწმყო და მომავალი] /
_cალბერტას ლაურინჩიუკასი; ლიტვურიდან თარგმნეს: ოთ. გრატიაშვილმა და ნ. ლობჟანიძემ.
264 _aთბ. :
_bსაბჭ. საქართველო,
_c 1973.
300 _a261გვ. :
_b8ფ. ილ. ;
_c20სმ.
653 _aრასიზმი
653 _aაფრიკის ქვეყნები
653 _aაფრიკის ქვეყნების ისტორია
700 _aგრატიაშვილი, ოთ.
_eმთარგმნელი
_926956
700 _aლობჟანიძე, ნ.
_e მთარგმნელი
_926957
942 _2udc
_cBK